1985 1654 1535 1089 1562 1687 1585 1663 1246 1748 1143 1397 1126 1014 1062 1840 1091 1078 1636 1284 1041 1839 1572 1672 1928 1845 1256 1717 1396 1078 1500 1505 1412 1219 1753 1244 1475 1420 1584 1866 1512 1583 1953 1151 1031 1808 1147 1122 1898 1607 1845 1444 1934 1366 1956 1029 1943 1235 1913 1245 1616 1474 1366 1323 1938 1914 1780 1100 1220 1230 1699 1644 1872 1537 1266 1728 1836 1646 1798 1465 1898 1517 1736 1391 1084 1132 1882 1425 1656 1537 1745 1804 1466 1781 1417 1999 1625 1994 1132 BCNSPRNW ULIB Ver.6.0+V

เปลี่ยนเป็นภาษาไทย

Change to English
 แสดงรายละเอียดบรรณานุกรม
  กลับหน้าหลัก

Brief Record : Get Marc (ISO 2709) : E-mail record : QR code < ปิดหน้าต่าง
LEADER : 00000nam 2200000uu 4500
001    13399113837
003     ULIB
008    120110s||||||||th 000 0 tha d
060  4 WY160^bท121อ
100 0  ทมาภรณ์ สุขสวรรค์
245 00 การพยาบาลผู้มีอารมณ์แปรปวน/^cทมาภรณ์ สุขสวรรค์
260    นครสวรรค์ :^bวิทยาลัยพยาบาลบรมราชชนนี สวรรค์ประชารักษ์ นครสวรรค์,^c2552
300    101 หน้า
650  7 โรคอารมณ์แปรปรวน^xการพยาบาล
650  7 โรคซึมเศร้า^xการพยาบาล
650  7 โรคอารมณ์คลุ้มคลั่งสลับเศร้า
710 1  วิทยาลัยพยาบาลบรมราชชนนี สวรรค์ประชารักษ์ นครสวรรค์
945    ^p0^l0^i030907
995    ทศพร
999 ^a ทศพร
รายการนี้ยังไม่มีแท็ก
คุณยังไม่ได้ล็อกอิน คุณสามารถมีกิจกรรมร่วมกับเว็บไซต์ได้ แต่ต้องล็อกอินก่อน ::
  ล็อกอิน

รายการสื่อสารสนเทศ

ลำดับที่ ประเภท เลขเรียก/บาร์โค้ด สถานที่ สถานะ
- ไม่พบข้อมูล -

รายการใกล้เคียง
    ผู้แต่ง [ทมาภรณ์ สุขสวรรค์]

BibComment


ยังไม่เคยถูกคอมเมนท์

คอมเมนท์ทรัพยากรรายการนี้
  คอมเมนท์: การพยาบาลผู้มีอาร..


 Copyright 2026. Bcnsprnw @Library